<?xml version="1.0" encoding="UTF-8"?>
<collection xmlns="http://www.loc.gov/MARC21/slim">
 <record>
  <leader>02648nam a22003257a 4500</leader>
  <controlfield tag="001">NCT_34744</controlfield>
  <controlfield tag="008">180509b        xxu||||| |||| 00| 0 vie d</controlfield>
  <datafield tag="999" ind1=" " ind2=" ">
   <subfield code="c">1678</subfield>
   <subfield code="d">1678</subfield>
  </datafield>
  <datafield tag="020" ind1=" " ind2=" ">
   <subfield code="c">17000</subfield>
  </datafield>
  <datafield tag="082" ind1="0" ind2="4">
   <subfield code="2">23rd ed.</subfield>
   <subfield code="a">572.33</subfield>
   <subfield code="b">Th506</subfield>
  </datafield>
  <datafield tag="100" ind1="1" ind2=" ">
   <subfield code="a">Vũ Thị Minh Thục</subfield>
  </datafield>
  <datafield tag="245" ind1="1" ind2="0">
   <subfield code="a">Hóa sinh phân tử của miễn dịch dị ứng</subfield>
   <subfield code="c">Vũ Thị Minh Thục, Đái Hằng Nga, Đái Duy Ban</subfield>
  </datafield>
  <datafield tag="260" ind1=" " ind2=" ">
   <subfield code="a">H.</subfield>
   <subfield code="b">Y học</subfield>
   <subfield code="c">2000</subfield>
  </datafield>
  <datafield tag="300" ind1=" " ind2=" ">
   <subfield code="a">259 tr.</subfield>
   <subfield code="b">Hình vẽ</subfield>
   <subfield code="c">19cm</subfield>
  </datafield>
  <datafield tag="520" ind1="3" ind2=" ">
   <subfield code="a">Sinh tổng hợp IgE và sự điều hoà sinh tổng hợp. Cơ sở phân tử của sự hoạt động các tế bào tham gia phản ứng miễn dịch dị ứng. Sự tổng hợp và phóng thích histamin, vai trò của nó trong phản ứng miễn dịch dị ứng. Sự tổng hợp prostaglandin và vai trò của nó trong phản ứng dị ứng</subfield>
  </datafield>
  <datafield tag="653" ind1=" " ind2=" ">
   <subfield code="a">Y đa khoa</subfield>
  </datafield>
  <datafield tag="700" ind1="1" ind2=" ">
   <subfield code="a">Đái Hằng Nga</subfield>
  </datafield>
  <datafield tag="700" ind1="1" ind2=" ">
   <subfield code="a">Đái Duy Ban</subfield>
  </datafield>
  <datafield tag="942" ind1=" " ind2=" ">
   <subfield code="2">ddc</subfield>
   <subfield code="c">BK</subfield>
  </datafield>
  <datafield tag="952" ind1=" " ind2=" ">
   <subfield code="0">0</subfield>
   <subfield code="1">0</subfield>
   <subfield code="2">ddc</subfield>
   <subfield code="4">0</subfield>
   <subfield code="6">572_330000000000000_TH506</subfield>
   <subfield code="7">0</subfield>
   <subfield code="9">7973</subfield>
   <subfield code="a">000001</subfield>
   <subfield code="b">000001</subfield>
   <subfield code="d">2018-05-09</subfield>
   <subfield code="o">572.33 Th506</subfield>
   <subfield code="p">MD.10310</subfield>
   <subfield code="r">2018-05-09</subfield>
   <subfield code="v">17000.00</subfield>
   <subfield code="w">2018-05-09</subfield>
   <subfield code="y">BK</subfield>
  </datafield>
  <datafield tag="952" ind1=" " ind2=" ">
   <subfield code="0">0</subfield>
   <subfield code="1">0</subfield>
   <subfield code="2">ddc</subfield>
   <subfield code="4">0</subfield>
   <subfield code="6">572_330000000000000_TH506</subfield>
   <subfield code="7">0</subfield>
   <subfield code="9">7974</subfield>
   <subfield code="a">000001</subfield>
   <subfield code="b">000001</subfield>
   <subfield code="d">2018-05-09</subfield>
   <subfield code="o">572.33 Th506</subfield>
   <subfield code="p">MD.10311</subfield>
   <subfield code="r">2018-05-09</subfield>
   <subfield code="v">17000.00</subfield>
   <subfield code="w">2018-05-09</subfield>
   <subfield code="y">BK</subfield>
  </datafield>
  <datafield tag="952" ind1=" " ind2=" ">
   <subfield code="0">0</subfield>
   <subfield code="1">0</subfield>
   <subfield code="2">ddc</subfield>
   <subfield code="4">0</subfield>
   <subfield code="6">572_330000000000000_TH506</subfield>
   <subfield code="7">0</subfield>
   <subfield code="9">7975</subfield>
   <subfield code="a">000001</subfield>
   <subfield code="b">000001</subfield>
   <subfield code="d">2018-05-09</subfield>
   <subfield code="o">572.33 Th506</subfield>
   <subfield code="p">MD.10312</subfield>
   <subfield code="r">2018-05-09</subfield>
   <subfield code="v">17000.00</subfield>
   <subfield code="w">2018-05-09</subfield>
   <subfield code="y">BK</subfield>
  </datafield>
  <datafield tag="952" ind1=" " ind2=" ">
   <subfield code="0">0</subfield>
   <subfield code="1">0</subfield>
   <subfield code="2">ddc</subfield>
   <subfield code="4">0</subfield>
   <subfield code="6">572_330000000000000_TH506</subfield>
   <subfield code="7">0</subfield>
   <subfield code="9">7976</subfield>
   <subfield code="a">000001</subfield>
   <subfield code="b">000001</subfield>
   <subfield code="d">2018-05-09</subfield>
   <subfield code="l">1</subfield>
   <subfield code="o">572.33 Th506</subfield>
   <subfield code="p">MD.10313</subfield>
   <subfield code="r">2020-05-19</subfield>
   <subfield code="s">2020-05-06</subfield>
   <subfield code="v">17000.00</subfield>
   <subfield code="w">2018-05-09</subfield>
   <subfield code="y">BK</subfield>
  </datafield>
  <datafield tag="952" ind1=" " ind2=" ">
   <subfield code="0">0</subfield>
   <subfield code="1">0</subfield>
   <subfield code="2">ddc</subfield>
   <subfield code="4">0</subfield>
   <subfield code="6">572_330000000000000_TH506</subfield>
   <subfield code="7">0</subfield>
   <subfield code="9">7977</subfield>
   <subfield code="a">000001</subfield>
   <subfield code="b">000001</subfield>
   <subfield code="d">2018-05-09</subfield>
   <subfield code="o">572.33 Th506</subfield>
   <subfield code="p">MD.10314</subfield>
   <subfield code="r">2018-05-09</subfield>
   <subfield code="v">17000.00</subfield>
   <subfield code="w">2018-05-09</subfield>
   <subfield code="y">BK</subfield>
  </datafield>
  <datafield tag="952" ind1=" " ind2=" ">
   <subfield code="0">0</subfield>
   <subfield code="1">0</subfield>
   <subfield code="2">ddc</subfield>
   <subfield code="4">0</subfield>
   <subfield code="6">572_330000000000000_TH506</subfield>
   <subfield code="7">0</subfield>
   <subfield code="9">7978</subfield>
   <subfield code="a">000001</subfield>
   <subfield code="b">000001</subfield>
   <subfield code="d">2018-05-09</subfield>
   <subfield code="o">572.33 Th506</subfield>
   <subfield code="p">MD.10315</subfield>
   <subfield code="r">2018-05-09</subfield>
   <subfield code="v">17000.00</subfield>
   <subfield code="w">2018-05-09</subfield>
   <subfield code="y">BK</subfield>
  </datafield>
  <datafield tag="952" ind1=" " ind2=" ">
   <subfield code="0">0</subfield>
   <subfield code="1">0</subfield>
   <subfield code="2">ddc</subfield>
   <subfield code="4">0</subfield>
   <subfield code="6">572_330000000000000_TH506</subfield>
   <subfield code="7">0</subfield>
   <subfield code="9">7979</subfield>
   <subfield code="a">000001</subfield>
   <subfield code="b">000001</subfield>
   <subfield code="d">2018-05-09</subfield>
   <subfield code="o">572.33 Th506</subfield>
   <subfield code="p">MD.10316</subfield>
   <subfield code="r">2018-05-09</subfield>
   <subfield code="v">17000.00</subfield>
   <subfield code="w">2018-05-09</subfield>
   <subfield code="y">BK</subfield>
  </datafield>
  <datafield tag="952" ind1=" " ind2=" ">
   <subfield code="0">0</subfield>
   <subfield code="1">0</subfield>
   <subfield code="2">ddc</subfield>
   <subfield code="4">0</subfield>
   <subfield code="6">572_330000000000000_TH506</subfield>
   <subfield code="7">0</subfield>
   <subfield code="9">7980</subfield>
   <subfield code="a">000001</subfield>
   <subfield code="b">000001</subfield>
   <subfield code="d">2018-05-09</subfield>
   <subfield code="o">572.33 Th506</subfield>
   <subfield code="p">MD.10317</subfield>
   <subfield code="r">2018-05-09</subfield>
   <subfield code="v">17000.00</subfield>
   <subfield code="w">2018-05-09</subfield>
   <subfield code="y">BK</subfield>
  </datafield>
  <datafield tag="952" ind1=" " ind2=" ">
   <subfield code="0">0</subfield>
   <subfield code="1">0</subfield>
   <subfield code="2">ddc</subfield>
   <subfield code="4">0</subfield>
   <subfield code="6">572_330000000000000_TH506</subfield>
   <subfield code="7">0</subfield>
   <subfield code="9">7981</subfield>
   <subfield code="a">000001</subfield>
   <subfield code="b">000001</subfield>
   <subfield code="d">2018-05-09</subfield>
   <subfield code="o">572.33 Th506</subfield>
   <subfield code="p">MD.10318</subfield>
   <subfield code="r">2018-05-09</subfield>
   <subfield code="v">17000.00</subfield>
   <subfield code="w">2018-05-09</subfield>
   <subfield code="y">BK</subfield>
  </datafield>
  <datafield tag="952" ind1=" " ind2=" ">
   <subfield code="0">0</subfield>
   <subfield code="1">0</subfield>
   <subfield code="2">ddc</subfield>
   <subfield code="4">0</subfield>
   <subfield code="6">572_330000000000000_TH506</subfield>
   <subfield code="7">0</subfield>
   <subfield code="9">7982</subfield>
   <subfield code="a">000001</subfield>
   <subfield code="b">000001</subfield>
   <subfield code="d">2018-05-09</subfield>
   <subfield code="o">572.33 Th506</subfield>
   <subfield code="p">MD.10319</subfield>
   <subfield code="r">2018-05-09</subfield>
   <subfield code="v">17000.00</subfield>
   <subfield code="w">2018-05-09</subfield>
   <subfield code="y">BK</subfield>
  </datafield>
  <datafield tag="980" ind1=" " ind2=" ">
   <subfield code="a">Thư viện Trường Đại học Nam Cần Thơ</subfield>
  </datafield>
 </record>
</collection>
